Datum a čas kvízu
21
Celkem bodů
Celkový počet nahraných bodů na tomto kvízu bez doplňovacích otázek.
12.
Pořadí na kvízu
Konečné umístění týmu na tomto kvízu.
Zaznamenané odpovědi
| # | Otázka | Odpověď | Body | Výsledky |
|---|---|---|---|---|
| 1. | Minulý týden se stalo hitem so... | (Ford) Mustang, žlutá barva | 0 | |
| 2. | Minulý týden došlo v USA ke zř... | Baltimore | 1 | |
| 3. | Minulý týden byly rozdány ceny... | David Koller, Pam Rabbit | 0 | |
| 4. | Minulý týden si žena na severu... | s bambulí (od čepice) | 0 | |
| 5. | Český snowboardista Radek Hous... | obarvit se na blond | 0 | |
| 6. | Věříme, že ovládáte velkou pal... | Drahá vlasti | 0 | |
| 7. | Zhruba 56 tisíc lidí obývá ost... | Grónsko | 0 | |
| 8. | Vyberte zemi, jejíž zkratka ná... | C | 1 | |
| 9. | Švýcarsko má čtyři úřední jazy... | 1C 2D 3A 4B | 0 | |
| 10. | Na snímku z letiště můžete spa... | Dublin | 0 |